LEADER 02892nam0 22004813i 450 001 PUV0359189 005 20251003044312.0 010 $a8880965522 100 $a19980327d1997 ||||0itac50 ba 101 | $aita 102 $ait 181 1$6z01$ai $bxxxe 182 1$6z01$an 200 1 $aTurismo e diffusione territoriale dello sviluppo sostenibile$eridefinizione degli interventi e politiche appropriate$fa cura di Francesco Citarella 210 $aNapoli$cLoffredo$d1997 215 $aXV, 442 p.$cill.$d24 cm 225 | $aCollana OPSAT$fOsservatorio per la programmazione dello sviluppo sostenibile e l'assetto del territorio, Università degli studi di Salerno$v1 300 $aNell'occh.: Scienza e impresa per un turismo come cultura dell'incontro: 6. Convegno nazionale-1. Convegno europeo, Comitato scientifico nazionale interdisciplinare Psicologia e turismo : Ravello, 4-7 ottobre 1995 : atti della 2. sezione. 410 0$1001NAP0516035$12001 $aCollana OPSAT$fOsservatorio per la programmazione dello sviluppo sostenibile e l'assetto del territorio, Università degli studi di Salerno$v1$171202$aOsservatorio per la programmazione dello sviluppo sostenibile e l'assetto del territorio$3CFIV280573 517 1 $aScienza e impresa per un turismo come cultura dell'incontro.$9MIL0371390 606 $aEuropa$xSviluppo economico$2FIR$3CFIC036324$9I 606 $aTurismo$xEuropa$2FIR$3SBLC043504$9I 676 $a306.48$9ISTITUZIONI CULTURALI. ATTIVITA RICREATIVE$v21 676 $a338.4$9Produzione. Industrie secondarie e servizi$v14 676 $a338.94$9SVILUPPO ECONOMICO E POLITICHE DI SVILUPPO. Europa$v20 676 $a380$9COMMERCIO, COMUNICAZIONI, TRASPORTI$v14 696 $aCrescita economica 699 $aSviluppo economico$yCrescita economica 702 1$aCitarella$b, Francesco$3IEIV035768 801 3$aIT$bIT-000000$c19980327 850 $aIT-BN0095 $aIT-SA0049 $aIT-NA0457 $aIT-NA0079 $aIT-SA0199 $aIT-SA0269 901 $bNAP BN$cMAGAZZINO $nmagazzini correnti divisi per anni 901 $bNAP CO$cBIBLIOTECA$n$ 901 $bNAP BI$cSALA 5 $nLibri da 4151 in poi 901 $bNAP 47$cBIBLIOTECA$n$ 901 $bNAP SL$cSC. SOC. $n$ 901 $bNAP 01$cPOZZO LIB.$nVi sono collocati fondi di economia, periodici di ingegneria e scienze, periodici di economia e statistica e altri fondi comprendenti documenti di economia pervenuti in dono. 901 $bNAP 47$cV. RUFOLO $n$ 912 $aPUV0359189 950 0$aBiblioteca Centralizzata di Ateneo$c1 v.$d 01POZZO LIB.ECON MON 1168$e 0101 0000057605E VMA 1 v. (Precedente collocazione: DASES B 803)$fB $h20090414$i20090414 977 $a 01$a 47$a BI$a BN$a CO$a SL 996 $aTurismo e diffusione territoriale dello sviluppo sostenibile$965922 997 $aUNISANNIO LEADER 05708oam 22013814 450 001 9910973346303321 005 20251116183901.0 010 $a9786613777003 010 $a9781462380381 010 $a1462380387 010 $a9781452757377 010 $a1452757372 010 $a9781281155641 010 $a1281155640 010 $a9781451890310 010 $a1451890311 035 $a(CKB)3360000000441065 035 $a(EBL)3012491 035 $a(SSID)ssj0000949369 035 $a(PQKBManifestationID)11512170 035 $a(PQKBTitleCode)TC0000949369 035 $a(PQKBWorkID)10996014 035 $a(PQKB)10434934 035 $a(OCoLC)535146874 035 $a(MiAaPQ)EBC3012491 035 $a(IMF)WPIEE0032004 035 $a(IMF)WPIEA0032004 035 $aWPIEA0032004 035 $a(EXLCZ)993360000000441065 100 $a20020129d2004 uf 0 101 0 $aeng 135 $aurcn||||||||| 181 $ctxt 182 $cc 183 $acr 200 10$aDo Macroeconomic Effects of Capital Controls Vary by their Type? Evidence From Malaysia /$fNatalia Tamirisa 205 $a1st ed. 210 1$aWashington, D.C. :$cInternational Monetary Fund,$d2004. 215 $a1 online resource (24 p.) 225 1 $aIMF Working Papers 300 $aCover title. 300 $a"January 2004"--Caption. 311 08$a9781451841930 311 08$a1451841930 320 $aIncludes bibliographical references (p. 22-23). 327 $a""Contents""; ""I. INTRODUCTION""; ""II. CAPITAL FLOWS AND THEIR REGULATION IN MALAYSIA""; ""III. WHAT DO THE QUANTITATIVE DATA TELL US?""; ""IV. AN ERROR-CORRECTION MODEL WITH CAPITAL CONTROLS""; ""APPENDIX""; ""REFERENCES"" 330 3 $aThis paper examines how the macroeconomic effects of capital controls vary depending on which type of international financial transaction they cover. Drawing on Malaysia's experiences in regulating the capital account during the 1990s, it finds, in an error-correction model, that capital controls generally have statistically insignificant effects on the exchange rate. Controls on portfolio outflows and on bank and foreign exchange operations facilitate reductions in the domestic interest rate, while controls on portfolio inflows have the opposite effect, in line with the theoretical priors. Controls on international transactions in the domestic currency and stock market operations have statistically insignificant effects on the interest rate differential. 410 0$aIMF Working Papers; Working Paper ;$vNo. 2004/003 606 $aCapital movements$zMalaysia 606 $aFinancial crises$zAsia 606 $aMacroeconomics 606 $aAsset requirements$2imf 606 $aBalance of payments$2imf 606 $aBanks and Banking$2imf 606 $aCapital account$2imf 606 $aCapital adequacy requirements$2imf 606 $aCapital controls$2imf 606 $aCapital movements$2imf 606 $aCurrency$2imf 606 $aCurrent Account Adjustment$2imf 606 $aExports and Imports$2imf 606 $aFinance$2imf 606 $aFinancial Institutions and Services: Government Policy and Regulation$2imf 606 $aFinancial regulation and supervision$2imf 606 $aFinancial services law & regulation$2imf 606 $aFinancial services$2imf 606 $aForeign Exchange$2imf 606 $aForeign exchange$2imf 606 $aGeneral Financial Markets: Government Policy and Regulation$2imf 606 $aInterest rates$2imf 606 $aInterest Rates: Determination, Term Structure, and Effects$2imf 606 $aInternational economics$2imf 606 $aInternational Investment$2imf 606 $aLong-term Capital Movements$2imf 606 $aMacroeconomic Aspects of International Trade and Finance: General$2imf 606 $aReal exchange rates$2imf 606 $aReal interest rates$2imf 606 $aShort-term Capital Movements$2imf 607 $aMalaysia$xEconomic conditions 607 $aMalaysia$xEconomic policy 607 $aMalaysia$2imf 615 0$aCapital movements 615 0$aFinancial crises 615 0$aMacroeconomics. 615 7$aAsset requirements 615 7$aBalance of payments 615 7$aBanks and Banking 615 7$aCapital account 615 7$aCapital adequacy requirements 615 7$aCapital controls 615 7$aCapital movements 615 7$aCurrency 615 7$aCurrent Account Adjustment 615 7$aExports and Imports 615 7$aFinance 615 7$aFinancial Institutions and Services: Government Policy and Regulation 615 7$aFinancial regulation and supervision 615 7$aFinancial services law & regulation 615 7$aFinancial services 615 7$aForeign Exchange 615 7$aForeign exchange 615 7$aGeneral Financial Markets: Government Policy and Regulation 615 7$aInterest rates 615 7$aInterest Rates: Determination, Term Structure, and Effects 615 7$aInternational economics 615 7$aInternational Investment 615 7$aLong-term Capital Movements 615 7$aMacroeconomic Aspects of International Trade and Finance: General 615 7$aReal exchange rates 615 7$aReal interest rates 615 7$aShort-term Capital Movements 700 $aTamirisa$b Natalia$01098414 712 02$aInternational Monetary Fund.$bPolicy Development and Review Department. 801 0$bDcWaIMF 906 $aBOOK 912 $a9910973346303321 996 $aDo Macroeconomic Effects of Capital Controls Vary by their Type? Evidence From Malaysia$94371270 997 $aUNINA